Dosiahli cieľ životy svätých usporiadané podľa liturgického kalendára

Bibliographic Details
Main Author: Ondruš, Rajmund, 1929-2011 (Author)
Format: Book
Language:Slovak
PhysicalDescription:1127 s. 15 cm
Published: Rím Slovenský ústav sv. Cyrila a Metoda 1984
Edition:1. vyd.
Series:Svetlá
Subjects:

MARC

LEADER 00000cam a2200000 a 4500
001 vtls001175802
003 SK-MaSNL
005 20260301135811.0
008 250414s1984 it 00000 slo
015 |a SNBZSA1992 
035 |a SNK000118798 
035 |a urn:nbn:sk:snk-am3icha 
035 |a urn:nbn:sk:snk-am00e3di 
035 |a 8AF0273D-8662-43A8-8275-68AA2FD7F591 
040 |a SNK  |b slo  |c SNK  |e AACR2 
041 0 |a slo 
044 |a it  |c IT 
080 |a 235.3:929  |2 1981 
080 |a 929  |2 1981 
100 1 |a Ondruš, Rajmund,  |d 1929-2011  |4 aut  |9 167103 
245 1 0 |a Dosiahli cieľ  |b životy svätých usporiadané podľa liturgického kalendára  |c Rajmund Ondruš 
250 |a 1. vyd. 
260 |a Rím  |b Slovenský ústav sv. Cyrila a Metoda  |c 1984  |e Roma  |f Scuola grafica salesiana Pio XI. 
300 |a 1127 s.  |c 15 cm 
490 1 |a Svetlá  |v zv. 31 
500 |a Údaj o ed. a nákl. zist. mimo dok. 
600 1 7 |a Bazil Veľký,  |c svätý,  |d asi 330-379  |2 SNKMA  |9 157887 
600 1 7 |a Tomáš Akvinský,  |c svätý,  |d 1225-1274  |2 SNKMA  |9 156171 
650 0 7 |a kresťanskí svätci  |2 SNKPH  |9 1605 
830 0 |a Svetlá  |9 308246 
852 |a Slovenská národná knižnica 
954 |a cirkev kresťanská  |a svätí 
958 |a OND 
958 |a ABI 
958 |a BX 
958 |a NS 
958 |a TL 
958 |a ZS 
958 |a NT 
999 |c 761449  |d 763379 
952 |a SNK  |b SNK  |y PREZ  |7 0  |p 17A0786651  |o snkSE 8347  |0 0  |1 0  |4 0  |d 2012-01-24  |f 1  |l 0  |r 2026-02-24 00:06:34  |w 2026-02-24 
952 |a SNK  |b SNK  |y VYP  |7 0  |p 17A0649845  |o snkSE 8347 D1  |i snk2010/5437  |8 3  |g 6.00  |0 0  |1 0  |4 0  |d 2010-03-17  |l 0  |r 2026-02-24 00:06:34  |w 2026-02-24